<?xml version="1.0" encoding="UTF-8"?>
<collection xmlns="http://www.loc.gov/MARC21/slim">
 <record>
  <leader>05438nam a2200385 a 4500</leader>
  <controlfield tag="001">kal4981</controlfield>
  <controlfield tag="003">Gr-AtHEAL</controlfield>
  <controlfield tag="005">20160422102425.0</controlfield>
  <controlfield tag="006">m        d        </controlfield>
  <controlfield tag="008">160413s2015    gr      s           gre|c</controlfield>
  <datafield tag="020" ind1=" " ind2=" ">
   <subfield code="a">9789606031458</subfield>
  </datafield>
  <datafield tag="040" ind1=" " ind2=" ">
   <subfield code="a">GR-AtHEAL</subfield>
   <subfield code="b">gre</subfield>
   <subfield code="c">GR-AtHEAL</subfield>
  </datafield>
  <datafield tag="082" ind1="0" ind2="4">
   <subfield code="a">658</subfield>
   <subfield code="2">23</subfield>
  </datafield>
  <datafield tag="100" ind1="1" ind2=" ">
   <subfield code="a">Χυτήρης, Λεωνίδας.</subfield>
   <subfield code="8">1403</subfield>
  </datafield>
  <datafield tag="245" ind1="1" ind2="0">
   <subfield code="a">Διοίκηση και ποιότητα υπηρεσιών</subfield>
   <subfield code="h">[Ηλεκτρονικός πόρος] </subfield>
   <subfield code="c">Χυτήρης, Λεωνίδας ; Άννινος, Λουκάς ; Κριτικός αναγνώστης,Παντουβάκης, Άγγελος ; Τεχνική επιμέλεια,Λιόμας, Ιωάννης ; Γλωσσική επιμέλεια,Ψαθά, Ελένη.</subfield>
  </datafield>
  <datafield tag="260" ind1=" " ind2=" ">
   <subfield code="a">Αθήνα :</subfield>
   <subfield code="b">Σύνδεσμος Ελληνικών Ακαδημαϊκών Βιβλιοθηκών,</subfield>
   <subfield code="c">c2015.</subfield>
  </datafield>
  <datafield tag="490" ind1=" " ind2=" ">
   <subfield code="a">Ακαδημαϊκά Ηλεκτρονικά Συγγράμματα και Βοηθήματα Κάλλιπος</subfield>
   <subfield code="8">40</subfield>
  </datafield>
  <datafield tag="505" ind1=" " ind2=" ">
   <subfield code="a">1. Εισαγωγή στο Διοικείν2. Χαρακτηριστικά και ποιότητα υπηρεσιών- Από την ικανοποίηση στην αφοσίωση του πελάτη3. Στρατηγική υπηρεσιών4. Σχεδιασμός και βελτίωση διαδικασίας της υπηρεσίας5. Διοίκηση ανθρώπινων πόρων και υπηρεσίες6. Ο ρόλος της κουλτούρας στην παροχή ποιοτικών υπηρεσιών7. Αξιολόγηση και βελτίωση της ποιότητας υπηρεσιών8. Καινοτομία και ανάπτυξη νέων υπηρεσιών9. Περιβάλλον, αξιοποίηση των πόρων και τεχνολογία στις επιχειρήσεις παροχής υπηρεσιών</subfield>
  </datafield>
  <datafield tag="520" ind1=" " ind2=" ">
   <subfield code="a">Κατά τη διάρκεια των τελευταίων δεκαετιών παρατηρείται σε παγκόσμιο επίπεδο ραγδαία ανάπτυξη των υπηρεσιών, γεγονός το οποίο απαιτεί σύγχρονη αντίληψη διοίκησης για τον σχεδιασμό και την παροχή ποιοτικών υπηρεσιών. Το βιβλίο αφού παρουσιάσει τις διοικητικές λειτουργίες, εστιάζει στην έννοια της υπηρεσίας και τη σημασία της ποιότητας υπηρεσιών. Παρουσιάζονται οι κρίσιμες παράμετροι για τον σχεδιασμό, παροχή και πώληση υπηρεσιών, ενώ δίνεται έμφαση στο ρόλο και την ανάγκη συνεργασίας πελάτη και παρόχου / συστήματος παροχής της υπηρεσίας προκειμένου να διασφαλίζεται η ικανοποίηση και η αφοσίωση του πελάτη. Προτείνονται συγκεκριμένα— σύγχρονα συστήματα και τεχνικές μέτρησης και βελτίωσης της ποιότητας των παρεχομένων υπηρεσιών και παρουσιάζεται η διαδικασία ανάπτυξης νέων υπηρεσιών. Στόχος του βιβλίου είναι οι αναγνώστες να είναι σε θέση να αντιλαμβάνονται τα ιδιαίτερα χαρακτηριστικά των μονάδων παροχής υπηρεσιών και να εφαρμόζουν σύγχρονες αρχές και πρακτικές διοίκησης, να γνωρίζουν πως μπορούν να σχεδιάσουν και να παρέχουν ποιοτικές υπηρεσίες, να μετρούν και να βελτιώνουν μέσα από επιστημονικά τεκμηριωμένες μεθοδολογίες το επίπεδο ποιότητας των υπηρεσιών που προσφέρουν αλλά και να σχεδιάζουν νέες υπηρεσίες με έμφαση στην καινοτομία.</subfield>
  </datafield>
  <datafield tag="650" ind1=" " ind2="0">
   <subfield code="a">Service industries</subfield>
   <subfield code="x">Management</subfield>
   <subfield code="8">2242</subfield>
  </datafield>
  <datafield tag="650" ind1=" " ind2="0">
   <subfield code="a">Service industries</subfield>
   <subfield code="x">Quality control</subfield>
   <subfield code="8">2243</subfield>
  </datafield>
  <datafield tag="653" ind1=" " ind2=" ">
   <subfield code="a">Μέτρηση ποιότητας επιχειρήσεων</subfield>
  </datafield>
  <datafield tag="653" ind1=" " ind2=" ">
   <subfield code="a">Ανθρώπινοι πόροι</subfield>
  </datafield>
  <datafield tag="653" ind1=" " ind2=" ">
   <subfield code="a">Ποιότητα υπηρεσιών</subfield>
  </datafield>
  <datafield tag="653" ind1=" " ind2=" ">
   <subfield code="a">Μάνατζμεντ</subfield>
  </datafield>
  <datafield tag="653" ind1=" " ind2=" ">
   <subfield code="a">Υπηρεσίες</subfield>
  </datafield>
  <datafield tag="653" ind1=" " ind2=" ">
   <subfield code="a">Ποιότητα</subfield>
  </datafield>
  <datafield tag="653" ind1=" " ind2=" ">
   <subfield code="a">Οικονομικές επιστήμες</subfield>
   <subfield code="a">Διοίκηση επιχειρήσεων και οικονομικά των επιχειρήσεων, μάρκετινγκ, λογιστική</subfield>
   <subfield code="a">Διοίκηση επιχειρήσεων</subfield>
  </datafield>
  <datafield tag="700" ind1="1" ind2=" ">
   <subfield code="a">Άννινος, Λουκάς</subfield>
   <subfield code="e">Συγγραφέας</subfield>
   <subfield code="8">1407</subfield>
  </datafield>
  <datafield tag="700" ind1="1" ind2=" ">
   <subfield code="a">Παντουβάκης, Άγγελος</subfield>
   <subfield code="e">Κριτικός αναγνώστης</subfield>
   <subfield code="8">1408</subfield>
  </datafield>
  <datafield tag="856" ind1="4" ind2="0">
   <subfield code="u">http://hdl.handle.net/11419/4981</subfield>
   <subfield code="z">Πλήρες Κείμενο - Full text</subfield>
  </datafield>
  <datafield tag="907" ind1=" " ind2=" ">
   <subfield code="a">.b25681394</subfield>
   <subfield code="b">12-06-18</subfield>
   <subfield code="c">29-07-16</subfield>
  </datafield>
  <datafield tag="949" ind1=" " ind2=" ">
   <subfield code="0">0</subfield>
   <subfield code="1">0</subfield>
   <subfield code="2">ddc</subfield>
   <subfield code="4">0</subfield>
   <subfield code="6">658_000000000000000_ΧΥΤ</subfield>
   <subfield code="7">0</subfield>
   <subfield code="8">KALL</subfield>
   <subfield code="8">898</subfield>
   <subfield code="d">2016-04-13</subfield>
   <subfield code="r">2016-04-13</subfield>
   <subfield code="w">2016-04-13</subfield>
   <subfield code="z">658 ΧΥΤ</subfield>
   <subfield code="o">SEAB KALLIPOS</subfield>
  </datafield>
  <datafield tag="998" ind1=" " ind2=" ">
   <subfield code="a">80</subfield>
   <subfield code="a">01</subfield>
   <subfield code="a">02</subfield>
   <subfield code="a">03</subfield>
   <subfield code="a">04</subfield>
   <subfield code="a">05</subfield>
   <subfield code="a">06</subfield>
   <subfield code="a">07</subfield>
   <subfield code="a">08</subfield>
   <subfield code="a">09</subfield>
   <subfield code="a">10</subfield>
   <subfield code="a">11</subfield>
   <subfield code="a">12</subfield>
   <subfield code="a">13</subfield>
   <subfield code="a">14</subfield>
   <subfield code="a">15</subfield>
   <subfield code="a">16</subfield>
   <subfield code="a">17</subfield>
   <subfield code="a">18</subfield>
   <subfield code="a">19</subfield>
   <subfield code="a">20</subfield>
   <subfield code="a">21</subfield>
   <subfield code="a">22</subfield>
   <subfield code="a">23</subfield>
   <subfield code="a">24</subfield>
   <subfield code="a">25</subfield>
   <subfield code="a">26</subfield>
   <subfield code="b">25-05-17</subfield>
   <subfield code="c">m</subfield>
   <subfield code="d">z  </subfield>
   <subfield code="e">-</subfield>
   <subfield code="f">gre</subfield>
   <subfield code="g">gr </subfield>
   <subfield code="h">0</subfield>
  </datafield>
  <datafield tag="942" ind1=" " ind2=" ">
   <subfield code="2">ddc</subfield>
   <subfield code="c">KALLIPOS</subfield>
  </datafield>
 </record>
</collection>
